00732nam a2200181 a 4500008004100000050001400041100002900055245002300084246007300107260005700180300002400237350000900261650001400270650003900284995008800323999001700411952012200428120416s1977 ||||||||||||||||| || u aHD 82 Zey aZeylstra, Willem Gustaaf10aAid or Development athe relevance of development aid to problems of developing countries aLeydenbA. W Suthoff International Publishing c1977 axviii, 269p. : ill. a0.00 0aECONOMICS aECONOMIC AID--DEVELOPING COUNTRIES D0.00FCBU-MAIN LIBRARY (Kitwe)H1I20.00M1UAVAILABLEZAnnex Low-Usage Collection  c34001d34001 00102lcc4070a001b001cAnnex Low-Usage Collection d2022-11-30l0oHD 82 Zeyp004701r2022-11-30w2022-11-30y002